| 000 | 01770cam a2200337 a 4500 | ||
|---|---|---|---|
| 001 | 3999371 | ||
| 005 | 20210414114130.0 | ||
| 008 | 960906s1997 nyua 001 0 eng | ||
| 010 | _a 96035810 | ||
| 020 | _a0471160733 (pbk. : alk. paper) | ||
| 040 |
_aDLC _cDLC _dDLC _dWaU _dDLC |
||
| 050 | 0 | 0 | _aTK5105.888.N69 |
| 082 | 0 | 0 |
_a791 _221 |
| 100 | 1 |
_aNovak, Jeannie, _d1966- |
|
| 245 | 1 | 0 |
_aCreating internet entertainment. / _cJeannie Novak, Pete Markiewicz. |
| 246 | 1 | 4 | _aCreating Internet entertainment, a complete guide for Web developers and entertainment professionals |
| 260 |
_aNew York : _bWiley Computer Pub., _cc1997. |
||
| 300 |
_avii, 454 p. : _bill. ; _c24 cm. |
||
| 500 | _aIncludes index. | ||
| 505 | _aContents: Introduction -- The International revolution -- Building an internet entertainment site -- After the curtain rises: keeping your site in the spotlight -- The Many forms of intertainment -- Casting the future net - entertainment is transfomed. | ||
| 650 | 0 |
_aInternet entertainment _xDesign. |
|
| 650 | 0 |
_aWeb sites _xDesign. |
|
| 650 | 0 | _aInternet marketing. | |
| 700 | 1 |
_aMarkiewicz, Peter George, _d1956- |
|
| 856 | 4 |
_3Table of Contents _uhttp://www.loc.gov/catdir/toc/onix06/96035810.html |
|
| 856 | 4 | 2 |
_3Contributor biographical information _uhttp://www.loc.gov/catdir/enhancements/fy0707/96035810-b.html |
| 856 | 4 | 2 |
_3Publisher description _uhttp://www.loc.gov/catdir/enhancements/fy0707/96035810-d.html |
| 906 |
_a7 _bcbc _corignew _d1 _eocip _f19 _gy-gencatlg |
||
| 942 |
_2lcc _cBK |
||
| 999 |
_c2184 _d9684 |
||